Руководство по наблюдениям за осадками и смещениями инженерных сооружений фотограмметрическими методами: геодезические и картографические инструкции, нормы и правила

Manylion Llyfryddiaeth
Awdur Corfforaethol: СССР Главное управление геодезии и картографии
Iaith:Rwseg
Cyhoeddwyd: Москва, Недра, 1979
Pynciau:
Fformat: MixedMaterials Llyfr
KOHA link:https://koha.lib.tpu.ru/cgi-bin/koha/opac-detail.pl?biblionumber=366424

MARC

LEADER 00000nam0a2200000 4500
001 366424
005 20250220113351.0
035 |a (RuTPU)RU\TPU\retro\23787 
090 |a 366424 
100 |a 20220208d1979 km y0rusy50 ca 
101 0 |a rus 
102 |a RU 
105 |a a z 000zy 
200 1 |a Руководство по наблюдениям за осадками и смещениями инженерных сооружений фотограмметрическими методами  |e геодезические и картографические инструкции, нормы и правила  |f СССР, Главное управление геодезии и картографии 
210 |a Москва  |c Недра  |d 1979 
215 |a 128 с.  |c ил. 
606 1 |a Инженерные сооружения  |x Деформация  |x Геодезические наблюдения  |2 stltpush  |3 (RuTPU)RU\TPU\subj\12606  |9 39365 
610 1 |a осадки 
610 1 |a смещения 
610 1 |a фотограмметрические методы 
610 1 |a съемочная аппаратура 
610 1 |a измерительная аппаратура 
610 1 |a результаты 
610 1 |a математическая обработка 
675 |a 528.48  |v 4 
712 0 1 |a СССР  |b Главное управление геодезии и картографии  |c 1938-1991  |7 ca  |8 rus  |2 stltpush  |3 (RuTPU)RU\TPU\col\13425  |9 25663 
801 1 |a RU  |b 63413507  |c 20220208 
801 2 |a RU  |b 63413507  |c 20220208  |g RCR 
942 |c BK